| 000 | 00332nam a2200133Ia 4500 | ||
|---|---|---|---|
| 005 | 20260328101521.0 | ||
| 008 | 260328s9999||||xx |||||||||||||| ||und|| | ||
| 100 | _aMelvin, Jeremy | ||
| 245 | 0 |
_a...ismos : _b Para entender la Arquitectura / _cJeremy Melvin |
|
| 260 | _bTurner | ||
| 300 | _a159 p. | ||
| 650 | _aHISTORIA | ||
| 942 | _cBK | ||
| 999 |
_c9581 _d9581 |
||